General Knowledge Grab Bag VI Quiz Stats

 Plays Quiz Updated Jul 2, 2018

Score 0/55 Timer 10:00
1 Play Today
Hint Answer % Correct
2 Nintendo Plumber BrothersMario
95.8%
9 Billiard Ball
Colors
Green
92.8%
9 Billiard Ball
Colors
Red
92.5%
2 Nintendo Plumber BrothersLuigi
92.3%
9 Billiard Ball
Colors
Black
92.2%
9 Billiard Ball
Colors
Blue
91.8%
9 Billiard Ball
Colors
Yellow
91.5%
9 Billiard Ball
Colors
Purple
90.4%
9 Billiard Ball
Colors
White
88.4%
10 US Federal
Holidays
Christmas Day
86.3%
4 Classic Members of QueenFreddie Mercury
85.5%
9 Billiard Ball
Colors
Orange
85.3%
10 US Federal
Holidays
Thanksgiving Day
81.2%
5 Wonka Factory
Touring Kids
Charlie Bucket
79.7%
10 US Federal
Holidays
Independence Day
74.3%
10 US Federal
Holidays
New Year's Day
72.1%
9 Billiard Ball
Colors
Maroon
71.7%
6 Noble GasesXenon
69.5%
3 Capitals of
South Africa
Cape Town
67.2%
10 US Federal
Holidays
Labor Day
66.5%
8 Countries That
Border Turkey
Azerbaijan
64.8%
6 Noble GasesHelium
62.8%
5 Wonka Factory
Touring Kids
Violet Beauregarde
62.4%
10 US Federal
Holidays
Washington's Birthday
61.4%
10 US Federal
Holidays
Birthday of Martin Luther King, Jr.
60.5%
8 Countries That
Border Turkey
Armenia
60.5%
8 Countries That
Border Turkey
Iran
60.3%
10 US Federal
Holidays
Memorial Day
57.9%
Hint Answer % Correct
5 Wonka Factory
Touring Kids
Augustus Gloop
57.3%
10 US Federal
Holidays
Veterans Day
56%
8 Countries That
Border Turkey
Bulgaria
55.5%
7 Horcruxes in
Harry Potter
Harry Potter
55.1%
8 Countries That
Border Turkey
Iraq
53.2%
7 Horcruxes in
Harry Potter
Nagini
52.4%
5 Wonka Factory
Touring Kids
Veruca Salt
52.4%
3 Capitals of
South Africa
Pretoria
52.3%
7 Horcruxes in
Harry Potter
Tom Riddle's Diary
52.1%
6 Noble GasesNeon
52.1%
8 Countries That
Border Turkey
Greece
50.8%
8 Countries That
Border Turkey
Georgia
50%
5 Wonka Factory
Touring Kids
Mike Teavee
49.5%
8 Countries That
Border Turkey
Syria
48.4%
7 Horcruxes in
Harry Potter
Slytherin's Locket
44.2%
4 Classic Members of QueenBrian May
43%
10 US Federal
Holidays
Columbus Day
42.5%
7 Horcruxes in
Harry Potter
Ravenclaw's Diadem
41.6%
7 Horcruxes in
Harry Potter
Hufflepuff's Cup
39.7%
7 Horcruxes in
Harry Potter
Marvolo Gaunt's Ring
38.2%
1 MLB 56-Game Hit StreakJoe DiMaggio
34.2%
6 Noble GasesArgon
30.5%
6 Noble GasesRadon
29.7%
3 Capitals of
South Africa
Bloemfontein
26.2%
6 Noble GasesKrypton
23.9%
4 Classic Members of QueenRoger Taylor
17.7%
4 Classic Members of QueenJohn Deacon
13%

You're not logged in!

Compare scores with friends on all Sporcle quizzes.
OR
Log In

Show Comments

Extras

Top Quizzes Today


Score Distribution

Your Account Isn't Verified!

In order to create a playlist on Sporcle, you need to verify the email address you used during registration. Go to your Sporcle Settings to finish the process.

Report this User

Report this user for behavior that violates our Community Guidelines.

Details: